| 000 | 00748nam a22002297a 4500 | ||
|---|---|---|---|
| 003 | PE SENCICO BE | ||
| 005 | 20251020182633.0 | ||
| 008 | 230307b |||||||| |||| 00| 0 eng d | ||
| 040 |
_aPE SENCICO BE _cPE SENCICO BE |
||
| 041 | _aspa | ||
| 110 | 1 |
_9238 _aInstituto Monsa de Ediciones |
|
| 245 | 1 |
_aEphemeral : _bexhibitions, advertising, events, shows / _cInstituto Monsa de Ediciones |
|
| 250 | _a[1a ed.] | ||
| 260 |
_aBarcelona : _bMonsa, _c2014 |
||
| 300 |
_a192 p. : _bil. col., lams., _c25 cm. |
||
| 650 | 1 | 4 |
_9760 _aEspacios públicos |
| 650 | 2 | 4 |
_918 _aDiseño arquitectónico |
| 650 | 2 | 4 |
_9762 _aDiseño urbano |
| 650 | 2 | 4 |
_9191 _aArquitectura moderna |
| 910 |
_bhfp _chfp |
||
| 942 |
_2ddc _cLIB _h711.4 _iI5 |
||
| 999 |
_c4047 _d4047 |
||